[Event "DM 2022 Kort Paaske 1 Grp1"]
[Site "Svendborg"]
[Date "2022.04.09"]
[Round "1"]
[White "Motzkus, Mikkel Vinther"]
[Black "Johansen, Johnny Holler"]
[Result "1/2-1/2"]
[WhiteElo "1974"]
[BlackElo "1891"]
[PlyCount "97"]
[EventDate "2022.04.09"]
[EventType "swiss"]
[EventRounds "5"]
[EventCountry "DEN"]

1. d4 Nf6 2. Nf3 g6 3. c4 Bg7 4. Nc3 d6 5. e4 O-O 6. Be2 Nbd7 7. O-O c6 8. Be3
Qc7 9. Rc1 e5 10. d5 c5 11. Ne1 Ne8 12. f4 exf4 13. Bxf4 Ne5 14. Nf3 f6 15. Qd2
Qe7 16. a3 Bd7 17. b4 Rc8 18. Nxe5 fxe5 19. Be3 Rxf1+ 20. Rxf1 b6 21. bxc5 bxc5
22. Rb1 Qd8 23. Rb7 Rc7 24. Qb2 Rxb7 25. Qxb7 Qc7 26. Qxc7 Nxc7 27. Nb5 Nxb5
28. cxb5 Bf6 29. Bd2 Bd8 30. Kf1 Kf7 31. Ke1 Ke8 32. Kd1 Bc7 33. Kc2 Kd8 34.
Kb3 Kc8 35. a4 Bd8 36. a5 Kb7 37. a6+ Kc8 38. Ka4 Bb6 39. Bg5 Kc7 40. Be7 Bc8
41. Bf8 Bd7 42. h3 h5 43. g4 hxg4 44. Bxg4 Bxg4 45. hxg4 Kd7 46. Kb3 Bc7 47.
Kc4 Bd8 48. Bh6 Kc7 49. Bd2 1/2-1/2

[Event "DM 2022 Kort Paaske 1 Grp1"]
[Site "Svendborg"]
[Date "2022.04.09"]
[Round "1"]
[White "Nielsen, Karsten Ejvind"]
[Black "Steenstrup, Svend"]
[Result "1-0"]
[WhiteElo "1789"]
[BlackElo "1941"]
[PlyCount "37"]
[EventDate "2022.04.09"]
[EventType "swiss"]
[EventRounds "5"]
[EventCountry "DEN"]

1. e4 d5 2. exd5 Nf6 3. d4 Nxd5 4. c4 Nb6 5. Nf3 g6 6. Nc3 Bg7 7. c5 Nd5 8. Bc4
Nxc3 9. bxc3 O-O 10. O-O b6 11. Ng5 Ba6 12. Nxf7 Rxf7 13. Bxf7+ Kxf7 14. Qf3+
Bf6 15. Qxa8 Bxf1 16. cxb6 Bxg2 17. Kxg2 cxb6 18. Bf4 Nc6 19. Qxc6 1-0

[Event "DM 2022 Kort Paaske 1 Grp1"]
[Site "Svendborg"]
[Date "2022.04.09"]
[Round "1"]
[White "Jacobsen, Hans Endrup"]
[Black "Jorgensen, Ole Eik"]
[Result "1-0"]
[WhiteElo "1903"]
[BlackElo "1854"]
[PlyCount "53"]
[EventDate "2022.04.09"]
[EventType "swiss"]
[EventRounds "5"]
[EventCountry "DEN"]

1. d4 g6 2. c4 Bg7 3. Nc3 Nf6 4. e4 d6 5. Bg5 O-O 6. f4 h6 7. Bh4 c6 8. Bd3 Qb6
9. Qd2 Re8 10. Nf3 Nbd7 11. e5 Nh7 12. Bf2 Ndf8 13. O-O Qc7 14. Rae1 Bg4 15.
Be3 Rad8 16. h3 Bf5 17. Bxf5 gxf5 18. Qc2 e6 19. g4 fxg4 20. hxg4 dxe5 21. fxe5
Ng6 22. Qh2 Ng5 23. Bxg5 hxg5 24. Nxg5 Re7 25. Qh7+ Kf8 26. Qxg6 Rxd4 27. Rxf7+
1-0

[Event "DM 2022 Kort Paaske 1 Grp1"]
[Site "Svendborg"]
[Date "2022.04.09"]
[Round "1"]
[White "Ringsmose, Christian"]
[Black "Fischer, Johan"]
[Result "1-0"]
[WhiteElo "1739"]
[BlackElo "1901"]
[PlyCount "60"]
[EventDate "2022.04.09"]
[EventType "swiss"]
[EventRounds "5"]
[EventCountry "DEN"]

1. d4 Nf6 2. Bg5 c5 3. d5 d6 4. Nc3 e5 5. dxe6 fxe6 6. Ne4 Be7 7. Bxf6 gxf6 8.
e3 O-O 9. Qg4+ Kh8 10. Qh5 Qe8 11. Qh4 d5 12. Nc3 a6 13. Be2 f5 14. Qh3 Qg6 15.
Bh5 Qg7 16. Nf3 b5 17. Ne2 e5 18. g3 f4 19. g4 fxe3 20. fxe3 e4 21. Nh4 Nc6 22.
Nf4 Ne5 23. O-O-O Bxg4 24. Bxg4 Qxg4 25. Nhg6+ Kg7 26. Qxg4 Nxg4 27. Nxf8 Kxf8
28. Nxd5 Ra7 29. Rdf1+ Ke8 30. Rf4 Rd7 1-0

[Event "DM 2022 Kort Paaske 1 Grp1"]
[Site "Svendborg"]
[Date "2022.04.09"]
[Round "1"]
[White "Andersen, Claus"]
[Black "Christensen, Michael Rene"]
[Result "1-0"]
[WhiteElo "1880"]
[BlackElo "1694"]
[PlyCount "89"]
[EventDate "2022.04.09"]
[EventType "swiss"]
[EventRounds "5"]
[EventCountry "DEN"]

1. d4 Nf6 2. c4 e6 3. Nc3 d5 4. cxd5 exd5 5. Bg5 Be7 6. e3 Bf5 7. Qb3 b6 8.
Bxf6 Bxf6 9. Qxd5 Qxd5 10. Nxd5 Bd8 11. Nf3 O-O 12. Be2 Nd7 13. Nc3 c5 14. d5
Nf6 15. Nd2 Re8 16. O-O Bc7 17. Bb5 Re7 18. Bc6 Rd8 19. e4 Bc8 20. f4 Ba6 21.
Rf3 Nh5 22. e5 Nxf4 23. Rxf4 Bxe5 24. Re4 Bd3 25. Ree1 Bd4+ 26. Kh1 Rxe1+ 27.
Rxe1 g6 28. Nf3 Bc4 29. Nxd4 cxd4 30. b3 Bxb3 31. axb3 dxc3 32. Rc1 Rd6 33.
Rxc3 Rf6 34. Rf3 Rd6 35. Kg1 f5 36. Kf2 Kf7 37. Ke3 Kf6 38. Kd4 g5 39. g3 Rd8
40. b4 h5 41. Re3 f4 42. gxf4 gxf4 43. Re6+ Kf5 44. Re5+ Kg4 45. Re8 1-0

[Event "DM 2022 Kort Paaske 1 Grp1"]
[Site "Svendborg"]
[Date "2022.04.09"]
[Round "1"]
[White "Aggerbeck Lauritzen, Nikolaj"]
[Black "Justesen, Martin Bonde"]
[Result "0-1"]
[WhiteElo "1635"]
[BlackElo "1852"]
[PlyCount "40"]
[EventDate "2022.04.09"]
[EventType "swiss"]
[EventRounds "5"]
[EventCountry "DEN"]

1. d4 d5 2. Bf4 c5 3. e3 Nc6 4. c3 Qb6 5. Qb3 c4 6. Qc2 Bf5 7. Qxf5 Qxb2 8. Nh3
e6 9. Qh5 Qxa1 10. Qd1 Qxa2 11. Be2 Nf6 12. O-O Be7 13. Nd2 O-O 14. f3 b5 15.
e4 b4 16. cxb4 Nxd4 17. Rf2 Nxe2+ 18. Rxe2 c3 19. Nb1 Qc4 20. exd5 Nxd5 0-1

[Event "DM 2022 Kort Paaske 1 Grp1"]
[Site "Svendborg"]
[Date "2022.04.09"]
[Round "1"]
[White "Hansen, Alex"]
[Black "Skytte, Robert"]
[Result "1-0"]
[WhiteElo "1875"]
[BlackElo "1437"]
[PlyCount "53"]
[EventDate "2022.04.09"]
[EventType "swiss"]
[EventRounds "5"]
[EventCountry "DEN"]

1. d4 d5 2. c4 c6 3. e3 Nf6 4. Nf3 e6 5. b3 Ne4 6. Bd3 Bb4+ 7. Nfd2 f5 8. O-O
O-O 9. f3 Nc3 10. Qc2 Nxb1 11. Rxb1 Qf6 12. f4 h5 13. Nf3 Nd7 14. a3 Bd6 15. b4
a5 16. c5 Bc7 17. Qa4 Re8 18. Bd2 Nf8 19. bxa5 Bd7 20. Rxb7 Qd8 21. a6 Qc8 22.
Rfb1 Re7 23. Ba5 Bxa5 24. Qxa5 Rf7 25. Ne5 Re7 26. a7 Nh7 27. Rb8 1-0

[Event "DM 2022 Kort Paaske 1 Grp1"]
[Site "Svendborg"]
[Date "2022.04.09"]
[Round "1"]
[White "Jungberg, Lasse"]
[Black "Christensen, John Christopher H"]
[Result "0-1"]
[WhiteElo "1740"]
[BlackElo "1837"]
[PlyCount "98"]
[EventDate "2022.04.09"]
[EventType "swiss"]
[EventRounds "5"]
[EventCountry "DEN"]

1. e4 c5 2. Nf3 e6 3. d4 cxd4 4. Nxd4 a6 5. Nc3 Qc7 6. Be2 Nf6 7. a3 b5 8. O-O
Bb7 9. Bd3 Be7 10. Be3 O-O 11. h3 d5 12. exd5 Nxd5 13. Nxd5 Bxd5 14. Qd2 Bf6
15. c3 Nd7 16. Qc2 g6 17. Be4 Nb6 18. Bxd5 Nxd5 19. Qe2 Rfd8 20. Rad1 Rd7 21.
Rd2 Rad8 22. Rfd1 Kg7 23. Nb3 h6 24. Bd4 e5 25. Be3 Be7 26. Qf3 Nxe3 27. Rxd7
Rxd7 28. fxe3 Bg5 29. Rxd7 Qxd7 30. e4 Qe6 31. Nc5 Qd6 32. Nd3 h5 33. Qg3 Bf6
34. Nb4 Qd1+ 35. Kh2 Qb1 36. Nd3 h4 37. Qf3 Qc2 38. Kg1 Qd2 39. Kf1 Qc2 40. Qe2
Qb1+ 41. Kf2 g5 42. Nb4 Bd8 43. Nc6 Bb6+ 44. Kf3 Qc1 45. g3 hxg3 46. Kxg3 Qg1+
47. Qg2 Qe1+ 48. Kh2 Be3 49. h4 Bf4+ 0-1

[Event "DM 2022 Kort Paaske 1 Grp1"]
[Site "Svendborg"]
[Date "2022.04.09"]
[Round "1"]
[White "Poulsen, Peter Risgaard"]
[Black "Madsen, Egon Rysgaard"]
[Result "1-0"]
[WhiteElo "1870"]
[BlackElo "1688"]
[PlyCount "67"]
[EventDate "2022.04.09"]
[EventType "swiss"]
[EventRounds "5"]
[EventCountry "DEN"]

1. d4 d5 2. Bf4 Nf6 3. e3 e6 4. Bd3 Nbd7 5. Nf3 c5 6. c3 c4 7. Bc2 Be7 8. Nbd2
b5 9. Ne5 Nxe5 10. dxe5 Nd7 11. a3 Bb7 12. Nf3 a5 13. Nd4 b4 14. axb4 axb4 15.
Rxa8 Qxa8 16. Ba4 b3 17. Bxd7+ Kxd7 18. O-O f5 19. exf6 gxf6 20. Qg4 Qg8 21.
Qh3 Qf7 22. Rd1 Bd6 23. Bxd6 Kxd6 24. e4 Ke7 25. Qe3 dxe4 26. Nb5 Qh5 27. Qd4
Qxb5 28. Qd6+ Kf7 29. Qc7+ Kg6 30. Rd7 Bc6 31. Rg7+ Kh6 32. Rg3 Bd7 33. Qf4+
Qg5 34. Rxg5 1-0

[Event "DM 2022 Kort Paaske 1 Grp1"]
[Site "Svendborg"]
[Date "2022.04.10"]
[Round "2"]
[White "Christensen, John Christopher H"]
[Black "Jacobsen, Hans Endrup"]
[Result "1-0"]
[WhiteElo "1837"]
[BlackElo "1903"]
[PlyCount "123"]
[EventDate "2022.04.09"]
[EventType "swiss"]
[EventRounds "5"]
[EventCountry "DEN"]

1. e4 c5 2. Nf3 d6 3. d4 cxd4 4. Nxd4 Nf6 5. Nc3 a6 6. f3 e5 7. Nb3 Be6 8. Be3
Be7 9. Qd2 Nbd7 10. O-O-O O-O 11. g4 b5 12. Kb1 Nb6 13. g5 Nh5 14. Rg1 Qc7 15.
h4 g6 16. f4 exf4 17. Bxf4 Nxf4 18. Qxf4 Rac8 19. Bd3 Nc4 20. h5 Nxb2 21. Kxb2
Qxc3+ 22. Kb1 Qe5 23. Qh4 Rc7 24. Rg2 Rfc8 25. Rh1 Bf8 26. Rf2 Bxb3 27. axb3
Bg7 28. Rf6 Bxf6 29. gxf6 a5 30. Rg1 Rc5 31. hxg6 fxg6 32. Rf1 R8c7 33. Qf2 Rf7
34. Ka2 h5 35. Qh4 Kh7 36. Kb1 Kh6 37. Be2 Qg5 38. Qf2 Qd2 39. Rc1 g5 40. Qf1
Qf4 41. Qh1 h4 42. Rf1 Qg3 43. Rf3 Qe5 44. Rf5 Qc3 45. Rxc5 dxc5 46. Qf1 Rxf6
47. Qd1 a4 48. Qd8 Kg7 49. Qe7+ Kh6 50. e5 Rf1+ 51. Bxf1 Qe1+ 52. Kb2 Qxf1 53.
e6 h3 54. Qd8 a3+ 55. Ka2 g4 56. e7 Qc1 57. Qh8+ Kg5 58. e8=Q Qxc2+ 59. Kxa3
b4+ 60. Ka4 Qa2+ 61. Kb5 Qxb3 62. Qee5+ 1-0

[Event "DM 2022 Kort Paaske 1 Grp1"]
[Site "Svendborg"]
[Date "2022.04.10"]
[Round "2"]
[White "Poulsen, Peter Risgaard"]
[Black "Andersen, Claus"]
[Result "1/2-1/2"]
[WhiteElo "1870"]
[BlackElo "1880"]
[PlyCount "53"]
[EventDate "2022.04.09"]
[EventType "swiss"]
[EventRounds "5"]
[EventCountry "DEN"]

1. d4 Nf6 2. Bf4 g6 3. Nc3 Bg7 4. Qd2 d6 5. e4 Nbd7 6. Nf3 c5 7. Bh6 Bxh6 8.
Qxh6 cxd4 9. Nxd4 Qb6 10. O-O-O Ne5 11. Ndb5 Neg4 12. Qh4 O-O 13. Rd2 Kg7 14.
h3 Ne5 15. f4 Ned7 16. Bc4 Qc5 17. Bb3 a6 18. Nd4 Nb6 19. Re1 e5 20. Nf5+ Bxf5
21. exf5 Rfe8 22. Red1 d5 23. Bxd5 Nbxd5 24. Rxd5 Qe3+ 25. Kb1 Qxf4 26. Qxf4
exf4 27. R5d4 1/2-1/2

[Event "DM 2022 Kort Paaske 1 Grp1"]
[Site "Svendborg"]
[Date "2022.04.10"]
[Round "2"]
[White "Justesen, Martin Bonde"]
[Black "Nielsen, Karsten Ejvind"]
[Result "0-1"]
[WhiteElo "1852"]
[BlackElo "1789"]
[PlyCount "110"]
[EventDate "2022.04.09"]
[EventType "swiss"]
[EventRounds "5"]
[EventCountry "DEN"]

1. d4 Nf6 2. Nf3 g6 3. g3 Bg7 4. Bg2 O-O 5. O-O d6 6. b3 e5 7. dxe5 dxe5 8. Bb2
Nc6 9. Qc1 Bg4 10. h3 Bxf3 11. exf3 Qd7 12. Rd1 Qf5 13. c3 Rad8 14. Na3 Rxd1+
15. Qxd1 Rd8 16. Qe2 Qd3 17. Re1 Qxe2 18. Rxe2 Rd1+ 19. Kh2 Nd5 20. c4 Ndb4 21.
Nb5 Nxa2 22. f4 Nc1 23. Bxc1 Rxc1 24. fxe5 Rb1 25. Nxc7 Rxb3 26. e6 fxe6 27.
Nxe6 Nd4 28. Nxd4 Bxd4 29. Rd2 Bc5 30. Bd5+ Kf8 31. Kg2 a5 32. Ra2 b6 33. Bc6
Ke7 34. Bb5 Kd6 35. Rd2+ Ke5 36. f4+ Ke4 37. Bc6+ Ke3 38. Rc2 Kd3 39. Rc1 Rc3
40. Rxc3+ Kxc3 41. Bb5 Kb3 42. Kf3 a4 43. Bxa4+ Kxa4 44. Ke4 Kb4 45. Kd5 Kc3
46. g4 Kd3 47. h4 Ke3 48. f5 gxf5 49. gxf5 Kf4 50. Ke6 Kg4 51. f6 Kxh4 52. Kf5
h5 53. Kf4 Kh3 54. Kf3 h4 55. f7 Kh2 0-1

[Event "DM 2022 Kort Paaske 1 Grp1"]
[Site "Svendborg"]
[Date "2022.04.10"]
[Round "2"]
[White "Ringsmose, Christian"]
[Black "Hansen, Alex"]
[Result "1-0"]
[WhiteElo "1739"]
[BlackElo "1875"]
[PlyCount "103"]
[EventDate "2022.04.09"]
[EventType "swiss"]
[EventRounds "5"]
[EventCountry "DEN"]

1. e4 c6 2. d4 d5 3. exd5 cxd5 4. Bd3 Nc6 5. c3 Nf6 6. Bf4 Qb6 7. Qb3 Qxb3 8.
axb3 e6 9. b4 b6 10. Na3 Nh5 11. Bg5 Bd6 12. Ne2 O-O 13. g4 Nf6 14. h3 Bb7 15.
f4 Nd7 16. Bh4 f6 17. O-O a6 18. Nc2 b5 19. Ne3 Ne7 20. Ra2 Ng6 21. Bg3 e5 22.
Nf5 Bc7 23. Rfa1 exf4 24. Bh2 Rfe8 25. Rf1 f3 26. Bxc7 fxe2 27. Re1 Re6 28.
Rxe2 Rxe2 29. Bxe2 Bc6 30. h4 Kf7 31. b3 Ne7 32. Nxe7 Kxe7 33. Bd3 Nf8 34. Re2+
Kd7 35. Bb6 Ng6 36. Bf5+ Kd6 37. h5 Nf4 38. Bc5+ Kc7 39. Re7+ Kd8 40. Rxg7 Nh3+
41. Kh2 Ng5 42. Bxh7 Nxh7 43. Rxh7 Ke8 44. Re7+ Kd8 45. h6 Bd7 46. h7 Kc7 47.
Rg7 Rh8 48. Be7 Kc6 49. Bxf6 Bxg4 50. Rc7+ Kxc7 51. Bxh8 Bf5 52. Be5+ 1-0

[Event "DM 2022 Kort Paaske 1 Grp1"]
[Site "Svendborg"]
[Date "2022.04.10"]
[Round "2"]
[White "Steenstrup, Svend"]
[Black "Motzkus, Mikkel Vinther"]
[Result "0-1"]
[WhiteElo "1941"]
[BlackElo "1974"]
[PlyCount "122"]
[EventDate "2022.04.09"]
[EventType "swiss"]
[EventRounds "5"]
[EventCountry "DEN"]

1. d4 Nf6 2. c4 e6 3. g3 Bb4+ 4. Nd2 O-O 5. Bg2 d5 6. Ngf3 Ne4 7. a3 Nxd2 8.
Nxd2 Be7 9. e4 dxe4 10. Nxe4 c6 11. O-O Nd7 12. Qe2 Nf6 13. Rd1 Nxe4 14. Bxe4
Bf6 15. Bf4 Qe7 16. c5 Rd8 17. Bd6 Qe8 18. h4 Be7 19. Bc7 Rd7 20. Be5 Bd8 21.
b4 Bc7 22. a4 f6 23. Bxc7 Rxc7 24. d5 exd5 25. Bxh7+ Kf8 26. Qd3 Be6 27. Bg6
Bf7 28. Re1 Re7 29. Rxe7 Qxe7 30. Bf5 Re8 31. Rc1 Qe2 32. Qxe2 Rxe2 33. Bc8 Re7
34. b5 Be6 35. Bxe6 Rxe6 36. Rb1 Re4 37. bxc6 bxc6 38. a5 Rc4 39. Rb8+ Kf7 40.
a6 Rxc5 41. Rb7+ Kg6 42. Rxa7 Ra5 43. Ra8 c5 44. a7 c4 45. Rd8 Rxa7 46. Rxd5
Rc7 47. Rd2 c3 48. Rc2 Kf5 49. Kf1 Ke4 50. Ke2 Kd4 51. Kd1 Kd3 52. Ra2 Re7 53.
h5 Re5 54. g4 Re4 55. f3 Rb4 56. Kc1 f5 57. Rg2 f4 58. Rc2 Ra4 59. Kb1 Ra1+ 60.
Kxa1 Kxc2 61. g5 Kd2 0-1

[Event "DM 2022 Kort Paaske 1 Grp1"]
[Site "Svendborg"]
[Date "2022.04.10"]
[Round "2"]
[White "Johansen, Johnny Holler"]
[Black "Fischer, Johan"]
[Result "1/2-1/2"]
[WhiteElo "1891"]
[BlackElo "1901"]
[PlyCount "44"]
[EventDate "2022.04.09"]
[EventType "swiss"]
[EventRounds "5"]
[EventCountry "DEN"]

1. e4 c5 2. Nf3 e6 3. d4 cxd4 4. Nxd4 a6 5. Nc3 Qc7 6. Be3 b5 7. Qd2 Bb7 8. f3
Nf6 9. Bd3 Bb4 10. O-O O-O 11. Qf2 Bxc3 12. bxc3 Qxc3 13. Nb3 Qc7 14. Bd4 e5
15. Bb6 Qc8 16. a4 bxa4 17. Rxa4 d6 18. Rfa1 Nc6 19. Qe2 Nd7 20. Be3 Ndb8 21.
Nd2 Nd7 22. Nb3 Ndb8 1/2-1/2

[Event "DM 2022 Kort Paaske 1 Grp1"]
[Site "Svendborg"]
[Date "2022.04.10"]
[Round "2"]
[White "Jorgensen, Ole Eik"]
[Black "Skytte, Robert"]
[Result "1/2-1/2"]
[WhiteElo "1854"]
[BlackElo "1437"]
[PlyCount "56"]
[EventDate "2022.04.09"]
[EventType "swiss"]
[EventRounds "5"]
[EventCountry "DEN"]

1. e4 c6 2. d4 d5 3. exd5 cxd5 4. c3 Nc6 5. Nf3 Nf6 6. Bf4 Qb6 7. Qb3 Qxb3 8.
axb3 Bf5 9. Bb5 a6 10. Bxc6+ bxc6 11. Nbd2 e6 12. b4 Be7 13. Ne5 Bd6 14. Bg3
Bxe5 15. Bxe5 O-O 16. Ke2 Nd7 17. Nb3 Nxe5 18. dxe5 Rfb8 19. Ra5 Rb6 20. Rha1
f6 21. exf6 gxf6 22. Nc5 e5 23. Rxa6 Rbxa6 24. Rxa6 Rxa6 25. Nxa6 Bc8 26. Nc5
Kf7 27. Ke3 Ke7 28. g3 Kd6 1/2-1/2

[Event "DM 2022 Kort Paaske 1 Grp1"]
[Site "Svendborg"]
[Date "2022.04.10"]
[Round "2"]
[White "Christensen, Michael Rene"]
[Black "Jungberg, Lasse"]
[Result "1/2-1/2"]
[WhiteElo "1694"]
[BlackElo "1740"]
[PlyCount "29"]
[EventDate "2022.04.09"]
[EventType "swiss"]
[EventRounds "5"]
[EventCountry "DEN"]

1. d4 Nf6 2. Nf3 g6 3. Bf4 Bg7 4. e3 d5 5. Bd3 Nc6 6. c3 O-O 7. Nbd2 Re8 8. Ne5
Nxe5 9. Bxe5 Ng4 10. Bxg7 Kxg7 11. h3 Nf6 12. Nf3 Nd7 13. Qb3 c6 14. O-O e5 15.
dxe5 1/2-1/2

[Event "DM 2022 Kort Paaske 1 Grp1"]
[Site "Svendborg"]
[Date "2022.04.10"]
[Round "2"]
[White "Madsen, Egon Rysgaard"]
[Black "Aggerbeck Lauritzen, Nikolaj"]
[Result "1-0"]
[WhiteElo "1688"]
[BlackElo "1635"]
[PlyCount "97"]
[EventDate "2022.04.09"]
[EventType "swiss"]
[EventRounds "5"]
[EventCountry "DEN"]

1. e4 e6 2. d4 d5 3. exd5 exd5 4. Bf4 Bf5 5. Nf3 Bd6 6. Bxd6 Qxd6 7. Bd3 Bxd3
8. Qxd3 Ne7 9. O-O O-O 10. Re1 Nd7 11. Nbd2 Rfe8 12. c3 c6 13. Re3 Ng6 14. Rae1
Kf8 15. Rxe8+ Rxe8 16. Rxe8+ Kxe8 17. Qf5 Qf4 18. Qxf4 Nxf4 19. Ne1 Nb6 20. Kf1
Na4 21. g3 Ne6 22. Nd3 Kd7 23. Ke2 Kd6 24. Nb1 Nc7 25. b3 Nb6 26. Nc5 Nd7 27.
Nxb7+ Ke7 28. Nc5 Nxc5 29. dxc5 a5 30. b4 Na6 31. a3 Ke6 32. Ke3 Kf5 33. f3 g5
34. Kd4 axb4 35. cxb4 Nc7 36. Nc3 Ne6+ 37. Kd3 Ke5 38. Ne2 f5 39. a4 Nc7 40.
f4+ gxf4 41. gxf4+ Kf6 42. Nd4 Ne6 43. Nxe6 Kxe6 44. a5 Kd7 45. Kd4 Kc7 46. Ke5
Kb7 47. Kxf5 Ka6 48. Ke5 Kb5 49. Kd4 1-0

[Event "DM 2022 Kort Paaske 1 Grp1"]
[Site "Svendborg"]
[Date "2022.04.10"]
[Round "3"]
[White "Nielsen, Karsten Ejvind"]
[Black "Christensen, John Christopher H"]
[Result "1-0"]
[WhiteElo "1789"]
[BlackElo "1837"]
[PlyCount "109"]
[EventDate "2022.04.09"]
[EventType "swiss"]
[EventRounds "5"]
[EventCountry "DEN"]

1. e4 c5 2. Nf3 e6 3. d4 cxd4 4. Nxd4 a6 5. Nc3 Qc7 6. Bd3 Nf6 7. f4 d6 8. Qf3
Nbd7 9. g4 Nc5 10. g5 Nfd7 11. Be3 b5 12. a3 Bb7 13. Rc1 Be7 14. b4 Nxd3+ 15.
cxd3 Qd8 16. h4 Rc8 17. Kd2 O-O 18. f5 Ne5 19. Qg3 exf5 20. Nxf5 Qd7 21. h5
Rfe8 22. g6 fxg6 23. hxg6 hxg6 24. Nxe7+ Rxe7 25. Bf4 Rf8 26. Bxe5 dxe5 27. Qh2
Rf3 28. Qe2 Rf6 29. Rh2 Qd4 30. Qe3 Qd7 31. Rch1 Qg4 32. Rg1 Qc8 33. Rgh1 Qg4
34. Qc5 Qe6 35. Qa7 Kf7 36. Rh8 Qg4 37. Qb8 Qf4+ 38. Kc2 Ke6 39. Rd8 Qe3 40.
Rhh8 Qb6 41. Nd5 Rf2+ 42. Kb3 Qc6 43. Nc3 g5 44. Rd5 Qc7 45. Qxc7 Rxc7 46. Re8+
Kf7 47. Rdxe5 g4 48. Rd8 Rc6 49. Rd7+ Kf6 50. Ree7 Kg5 51. Rxg7+ Rg6 52. Rxb7
g3 53. e5 g2 54. Ne4+ Kf4 55. Rxg6 1-0

[Event "DM 2022 Kort Paaske 1 Grp1"]
[Site "Svendborg"]
[Date "2022.04.10"]
[Round "3"]
[White "Andersen, Claus"]
[Black "Ringsmose, Christian"]
[Result "0-1"]
[WhiteElo "1880"]
[BlackElo "1739"]
[PlyCount "70"]
[EventDate "2022.04.09"]
[EventType "swiss"]
[EventRounds "5"]
[EventCountry "DEN"]

1. d4 d5 2. c4 e6 3. Nc3 Nf6 4. cxd5 exd5 5. Bg5 c6 6. e3 h6 7. Bh4 Be7 8. Bd3
O-O 9. Qc2 Re8 10. Nf3 Ne4 11. Bxe7 Qxe7 12. O-O Bf5 13. Rab1 Nd7 14. b4 Nxc3
15. Qxc3 Bxd3 16. Qxd3 a6 17. a4 Nb6 18. b5 cxb5 19. axb5 a5 20. Nd2 a4 21.
Rfc1 Rec8 22. e4 Rxc1+ 23. Rxc1 dxe4 24. Nxe4 a3 25. Nc5 Nd5 26. Qc4 a2 27. Ra1
Nf4 28. g3 Qe2 29. Qb3 Re8 30. gxf4 Qe1+ 31. Rxe1 Rxe1+ 32. Kg2 a1=Q 33. Qc4
Qd1 34. f3 Rg1+ 35. Kf2 Qe1# 0-1

[Event "DM 2022 Kort Paaske 1 Grp1"]
[Site "Svendborg"]
[Date "2022.04.10"]
[Round "3"]
[White "Motzkus, Mikkel Vinther"]
[Black "Poulsen, Peter Risgaard"]
[Result "0-1"]
[WhiteElo "1974"]
[BlackElo "1870"]
[PlyCount "58"]
[EventDate "2022.04.09"]
[EventType "swiss"]
[EventRounds "5"]
[EventCountry "DEN"]

1. d4 f5 2. Nf3 Nf6 3. c4 e6 4. g3 d5 5. Bg2 c6 6. cxd5 exd5 7. Bf4 Bd6 8. Bxd6
Qxd6 9. O-O O-O 10. e3 Nbd7 11. Nc3 Ne4 12. Qc2 Qh6 13. h4 Ndf6 14. b4 Ng4 15.
Nxe4 fxe4 16. Ng5 Bd7 17. Qe2 Qd6 18. Bh3 Nh6 19. Kg2 Nf5 20. Rab1 h6 21. Bxf5
Bxf5 22. Nh3 Qd7 23. Ng1 Bg4 24. Qc2 g5 25. hxg5 hxg5 26. Rfc1 Qh7 27. f4 exf3+
28. Kf1 Bf5 29. Qb2 Bd3+ 0-1

[Event "DM 2022 Kort Paaske 1 Grp1"]
[Site "Svendborg"]
[Date "2022.04.10"]
[Round "3"]
[White "Jacobsen, Hans Endrup"]
[Black "Johansen, Johnny Holler"]
[Result "1-0"]
[WhiteElo "1903"]
[BlackElo "1891"]
[PlyCount "81"]
[EventDate "2022.04.09"]
[EventType "swiss"]
[EventRounds "5"]
[EventCountry "DEN"]

1. d4 Nf6 2. c4 g6 3. Nc3 Bg7 4. e4 d6 5. Nf3 Nbd7 6. Be2 O-O 7. Bg5 c6 8. O-O
Re8 9. Qc2 Qc7 10. Rad1 a6 11. b4 e5 12. dxe5 dxe5 13. c5 Nf8 14. Na4 Bg4 15.
Nb6 Rad8 16. Nc4 Bxf3 17. Bxf3 Rxd1 18. Rxd1 Ne6 19. Be3 Rd8 20. Rxd8+ Nxd8 21.
Qd3 Ne6 22. Qd6 Ne8 23. Qxc7 N8xc7 24. Nd6 Nd8 25. a4 Nce6 26. Bg4 Nd4 27. Bc8
Bf8 28. Nxb7 Nxb7 29. Bxb7 a5 30. bxa5 Bxc5 31. a6 Ba7 32. Bg5 c5 33. Bd5 Kf8
34. Bf6 Ke8 35. Bxe5 Ke7 36. a5 Nb5 37. Kf1 f6 38. Bf4 Kd7 39. h4 Nc7 40. Bg8
Nxa6 41. Bxh7 1-0

[Event "DM 2022 Kort Paaske 1 Grp1"]
[Site "Svendborg"]
[Date "2022.04.10"]
[Round "3"]
[White "Hansen, Alex"]
[Black "Justesen, Martin Bonde"]
[Result "1/2-1/2"]
[WhiteElo "1875"]
[BlackElo "1852"]
[PlyCount "25"]
[EventDate "2022.04.09"]
[EventType "swiss"]
[EventRounds "5"]
[EventCountry "DEN"]

1. d4 d5 2. c4 e6 3. Nf3 a6 4. e3 dxc4 5. Bxc4 b5 6. Bd3 Bb7 7. O-O Nf6 8. a3
c5 9. dxc5 Bxc5 10. b4 Be7 11. Bb2 O-O 12. Be2 Nbd7 13. Nbd2 1/2-1/2

[Event "DM 2022 Kort Paaske 1 Grp1"]
[Site "Svendborg"]
[Date "2022.04.10"]
[Round "3"]
[White "Skytte, Robert"]
[Black "Madsen, Egon Rysgaard"]
[Result "1/2-1/2"]
[WhiteElo "1437"]
[BlackElo "1688"]
[PlyCount "84"]
[EventDate "2022.04.09"]
[EventType "swiss"]
[EventRounds "5"]
[EventCountry "DEN"]

1. e4 e5 2. Nf3 Nc6 3. Bb5 Nf6 4. O-O d6 5. d4 exd4 6. Nxd4 Bd7 7. Nc3 Nxd4 8.
Bxd7+ Qxd7 9. Qxd4 Be7 10. Nd5 O-O 11. Bg5 Nxd5 12. Qxd5 Bxg5 13. Qxg5 Rae8 14.
Rfe1 Re5 15. Qe3 b6 16. Rad1 Rfe8 17. f4 Rxe4 18. Qxe4 Rxe4 19. Rxe4 g6 20. b3
b5 21. Re2 Qg4 22. Re8+ Kg7 23. Rd4 Qf5 24. Re2 c5 25. Rxd6 Qxf4 26. Rd5 h5 27.
g3 Qf3 28. Ree5 c4 29. b4 a6 30. Rd7 Qf6 31. Ree7 Kf8 32. Rxf7+ Qxf7 33. Rxf7+
Kxf7 34. Kf2 g5 35. Ke3 Kf6 36. Ke4 Ke6 37. Kd4 Kf5 38. h3 h4 39. gxh4 gxh4 40.
Ke3 Ke5 41. a3 Kf5 42. c3 Ke5 1/2-1/2

[Event "DM 2022 Kort Paaske 1 Grp1"]
[Site "Svendborg"]
[Date "2022.04.10"]
[Round "3"]
[White "Fischer, Johan"]
[Black "Christensen, Michael Rene"]
[Result "1/2-1/2"]
[WhiteElo "1901"]
[BlackElo "1694"]
[PlyCount "78"]
[EventDate "2022.04.09"]
[EventType "swiss"]
[EventRounds "5"]
[EventCountry "DEN"]

1. Nf3 Nf6 2. g3 g6 3. c4 Bg7 4. Bg2 O-O 5. d4 c6 6. O-O d5 7. cxd5 cxd5 8. Nc3
b6 9. Re1 Bb7 10. e4 Nxe4 11. Nxe4 dxe4 12. Ng5 Qxd4 13. Qxd4 Bxd4 14. Nxe4 e6
15. Nf6+ Bxf6 16. Bxb7 Nd7 17. Bxa8 Rxa8 18. Rd1 Nc5 19. Rb1 Rc8 20. b3 Ne4 21.
Bb2 Rc2 22. Bxf6 Nxf6 23. Rdc1 Rxa2 24. Ra1 Rxa1 25. Rxa1 a5 26. Rc1 Nd5 27.
Rc8+ Kg7 28. Kf1 h5 29. Ke2 Kf6 30. Rb8 Kf5 31. Rb7 f6 32. f3 Ke5 33. Kd3 Kd6
34. Rg7 g5 35. Rh7 Kc5 36. Rxh5 Kb4 37. Kc2 Ne3+ 38. Kb2 Nd1+ 39. Kc2 Ne3+
1/2-1/2

[Event "DM 2022 Kort Paaske 1 Grp1"]
[Site "Svendborg"]
[Date "2022.04.10"]
[Round "3"]
[White "Jungberg, Lasse"]
[Black "Jorgensen, Ole Eik"]
[Result "0-1"]
[WhiteElo "1740"]
[BlackElo "1854"]
[PlyCount "64"]
[EventDate "2022.04.09"]
[EventType "swiss"]
[EventRounds "5"]
[EventCountry "DEN"]

1. e4 d5 2. exd5 Nf6 3. Nc3 Nxd5 4. Nxd5 Qxd5 5. Nf3 Bg4 6. Be2 Nc6 7. h3 Bh5
8. O-O e6 9. c3 Be7 10. d4 O-O 11. Bf4 Qd8 12. Re1 Bg6 13. Bd3 Bxd3 14. Qxd3
Bf6 15. Re4 Ne7 16. g4 Ng6 17. Bd2 h6 18. g5 hxg5 19. Rg4 Nf4 20. Bxf4 gxf4 21.
Rxf4 e5 22. Rg4 exd4 23. cxd4 Re8 24. Kh1 Re6 25. Rag1 Qd5 26. Kh2 Rae8 27. Ng5
Re2 28. R1g2 Be5+ 29. f4 Rxg2+ 30. Rxg2 Bxf4+ 31. Kg1 Bxg5 32. Qg3 Qxd4+ 0-1